International economics / (رقم التسجيلة. 34881)

تفاصيل مارك
000 -الفاتح
حقل البيانات ثابتة الطول 00895nam a22002777a 4500
003 - محدد رقم الضبط
رقم الضبط OSt
005 - وقت وتاريخ اخر تعامل مع التسجيلة
رقم الضبط 20150408114216.0
008 - عناصر البيانات ثابتة الطول - معلومات عامة
حقل البيانات ثابتة الطول 140511s2014 nyua g b 001 0 eng d
020 ## - الرقم الدولى المعيارى للكتب
الرقم الدولى المعيارى للكتاب 9781259010576
020 ## - الرقم الدولى المعيارى للكتب
الرقم الدولى المعيارى للكتاب 1259010570
040 ## - مصدر الفهرسة
وكالة الفهرسة الأصلية Ma-Un
082 04 - رقم تصنيف ديوى العشرى
رقم الطبعة 22
رقم التصنيف 337
رقم المادة ADI
100 1# - المدخل الرئيسى - إسم شخصى
الإسم الشخصى Appleyard, Dennis R
9 (RLIN) 44649
245 10 - بيان العنوان
العنوان International economics /
بيان المسئوليه,etc Dennis R. Appleyard, Alfred J. Field, Jr.
250 ## - بيان الطبعة
بيان الطبعة 8th ed.
260 ## - PUBLICATION, DISTRIBUTION, ETC. (IMPRINT)
مكان الناشر او الموزع New York :
اسم الناشر او الموزع McGraw-Hill Irwin,
تاريخ النشر أو التوزيع 2014.
300 ## - الوصف المادى
التعداد xxiv, 824 p. :
تفاصيل ماديه اخرى للوعاء ill. ;
أبعاد الوعاء 27 cm.
490 1# - بيان السلسلة
عنوان السلسلة The McGraw-Hill series economics
504 ## - تبصرة ببليوجرافية
تبصرة ببليوجرافية,الخ Includes bibliographical references and index.
650 ## - المدخل الاضافى بالموضوع-مصطلح موضوعى
مصطلح موضوعي أو اسم جغرافي كعنصر مدخل International economic relations
9 (RLIN) 5913
650 ## - المدخل الاضافى بالموضوع-مصطلح موضوعى
مصطلح موضوعي أو اسم جغرافي كعنصر مدخل International trade
650 ## - المدخل الاضافى بالموضوع-مصطلح موضوعى
مصطلح موضوعي أو اسم جغرافي كعنصر مدخل International finance
9 (RLIN) 15219
700 1# - المدخل الاضافى - اسم شخصى
الإسم الشخصى Field, Alfred J
الدور Co-author.
9 (RLIN) 44650
830 #0 - المدخل الاضافى بالسلسلة -عنوان موحد
عنوان موحد McGraw-Hill series in economics
9 (RLIN) 44651
942 ## - عناصر المدخل الإضافي( كوها)
مصدر التصنيف او مخطط الترفيف Dewey Decimal Classification
Koha [default] item type كتاب
المقتنيات
حالة الفقد نموذج السعر الفعال حالة تلف ليس للاعارة رقم الطلب رقم النسخة تاريخ الاكتساب مصدر التزويد الموقع الحالي الباركود الفرع الرئيسي Date last seen نوع المادة فى نظام كوها مصدر التصنيف او خطة الترفيف Total Checkouts
  2014-05-11   Not For Loan 337 ADI 1 2014-05-11 دار العرب المكتبة المركزية بالمجمعة (CL) 00210206 المكتبة المركزية بالمجمعة (CL) 2014-05-11 كتاب Dewey Decimal Classification  
  2014-05-11     337 ADI 2 2014-05-11 دار العرب المكتبة المركزية بالمجمعة (CL) 00210207 المكتبة المركزية بالمجمعة (CL) 2014-05-11 كتاب Dewey Decimal Classification  
  2014-05-11     337 ADI 3 2014-05-11 دار العرب المكتبة المركزية بالمجمعة (CL) 00210208 المكتبة المركزية بالمجمعة (CL) 2014-05-11 كتاب Dewey Decimal Classification